Comentario al caso de un capellán que recibiendo mayor estipendio por las misas las hace decir por menor

Detalles Bibliográficos
Otros Autores: Cristobal de los Cobos
Formato: Libro
Publicado: Valladolid, 1688
Colección:Banco de datos
Acervo:Biblioteca Palafoxiana. Colección de Manuscritos
Descripción Física:1 f. ; 16 x 21.5 cm.
LEADER 00428nam a22001330004500
035 |a 1287 
245 1 0 |a Comentario al caso de un capellán que recibiendo mayor estipendio por las misas las hace decir por menor 
260 |a Valladolid, 1688 
300 |a 1 f. ; 16 x 21.5 cm. 
700 1 |a Cristobal de los Cobos 
949 |a 32280/041 
942 |c PALAMANU 
943 |g Biblioteca Palafoxiana. Colección de Manuscritos 
999 |c 1069232  |d 1069232